[Event "Wch U20"]
[Site "Copenhagen DEN"]
[Date "1982.??.??"]
[Round "11"]
[White "Milos, Gilberto"]
[Black "Tempone, Marcelo J"]
[Result "1/2-1/2"]
[WhiteElo "2395"]
[BlackElo "2370"]
[PlyCount "30"]
[EventDate "1982.??.??"]
[Source "www.chesslib.no"]
[SourceDate "2004.05.04"]

1. e4 e5 2. Nf3 Nc6 3. Bb5 a6 4. Bxc6 dxc6 5. d4 exd4 6. Qxd4 Qxd4 7. Nxd4 Bd7 8. Nc3 O-O-O 9. Be3 Ne7 10. O-O-O f6 11. Nb3 b6 12. f3 Ng6 13. Ne2 Be7 14. Ng3 Rhe8 15. Nd4 Bf8 1/2-1/2

[Event "Szeged TT09 IM"]
[Site "Szeged"]
[Date "1998.09.21"]
[Round "5"]
[White "Dovzik, Juri"]
[Black "Ciolac, Gheorghe"]
[Result "1/2-1/2"]
[WhiteElo "2390"]
[BlackElo "2375"]
[PlyCount "125"]
[EventDate "1998.09.17"]
[Source "ChessBase"]
[SourceDate "1999.01.01"]

1. e4 e5 2. Nf3 Nc6 3. Bb5 a6 4. Bxc6 dxc6 5. d4 exd4 6. Qxd4 Qxd4 7. Nxd4 Bd7 8. Nc3 O-O-O 9. Be3 Bb4 10. O-O-O Bxc3 11. bxc3 Re8 12. Nb3 b6 13. Bd4 f6 14. f3 c5 15. Bf2 Ne7 16. Nd2 Be6 17. a3 Ng6 18. Bg3 h5 19. h3 Re7 20. Rhe1 Rd8 21. Nf1 Rxd1+ 22. Kxd1 Bg8 23. Ne3 Ne5 24. Bxe5 Rxe5 25. g4 hxg4 26. hxg4 Re7 27. Rh1 Be6 28. Ke2 Kb7 29. g5 f5 30. Rh4 Kc6 31. Kd2 fxe4 32. Rxe4 Kd6 33. f4 Rf7 34. c4 c6 35. a4 b5 36. a5 g6 37. Kc3 Rf8 38. Kb2 Rf7 39. Kc3 Rf8 40. Kb2 Rh8 41. Kc3 Rh3 42. Kb2 Rh8 43. Kc3 Rh3 44. Kb2 Rf3 45. Kb1 Rf2 46. Kb2 Rf3 47. Kb1 bxc4 48. Kb2 Bd5 49. Nxc4+ Bxc4 50. Rxc4 Kd5 51. Ra4 c4 52. Rb4 Rxf4 53. Rb6 Rf5 54. Rxa6 Rxg5 55. Ra8 Kc5 56. Rb8 Kd6 57. a6 Ra5 58. Rg8 Rxa6 59. Rxg6+ Kc5 60. Rg5+ Kb4 61. c3+ Ka4 62. Rc5 Ra8 63. Rxc4+ 1/2-1/2

[Event "HUN Team Ch"]
[Site "HUN"]
[Date "1992.??.??"]
[Round "?"]
[White "Istvandi, Lajos"]
[Black "Lengyel, Levente"]
[Result "1/2-1/2"]
[WhiteElo "2390"]
[BlackElo "2375"]
[PlyCount "25"]
[EventDate "1992.??.??"]
[Source "www.chesslib.no"]
[SourceDate "2004.05.04"]

1. e4 e5 2. Nf3 Nc6 3. Bb5 a6 4. Bxc6 dxc6 5. d4 exd4 6. Qxd4 Qxd4 7. Nxd4 Bd7 8. Be3 O-O-O 9. Nd2 Ne7 10. O-O-O c5 11. Ne2 Ng6 12. f3 Be7 13. Rhe1 1/2-1/2

[Event "CRO-chT"]
[Site "Pula"]
[Date "1999.09.11"]
[Round "3"]
[White "Leventic, Ivan"]
[Black "Jukic, Branimir"]
[Result "1/2-1/2"]
[WhiteElo "2390"]
[BlackElo "2374"]
[PlyCount "21"]
[EventDate "1999.09.05"]
[Source "www.chesslib.no"]
[SourceDate "2004.05.04"]

1. e4 e5 2. Nf3 Nc6 3. Bb5 a6 4. Bxc6 dxc6 5. d4 exd4 6. Qxd4 Qxd4 7. Nxd4 Bd7 8. O-O O-O-O 9. Nc3 Ne7 10. Be3 Ng6 11. Rad1 1/2-1/2

[Event "Paris Ch"]
[Site "Paris FRA"]
[Date "1988.??.??"]
[Round "9"]
[White "Birmingham, Eric"]
[Black "Flear, Glenn C"]
[Result "1/2-1/2"]
[WhiteElo "2300"]
[BlackElo "2460"]
[PlyCount "65"]
[EventDate "1988.??.??"]
[Source "www.chesslib.no"]
[SourceDate "2004.05.04"]

1. e4 e5 2. Nf3 Nc6 3. Bb5 a6 4. Bxc6 dxc6 5. d4 exd4 6. Qxd4 Qxd4 7. Nxd4 Bd7 8. Be3 O-O-O 9. Nd2 Re8 10. O-O-O c5 11. Ne2 b6 12. Rhe1 Ne7 13. f3 f5 14. Ng3 fxe4 15. Ndxe4 Ng6 16. Nh5 Bc6 17. Bd2 Nh4 18. Re2 g6 19. Nhg3 Bg7 20. Bg5 Nf5 21. Nxf5 gxf5 22. Ng3 Rxe2 23. Nxe2 Rg8 24. Bf4 Bf6 25. Ng3 Bd7 26. Re1 a5 27. Re2 a4 28. c4 Bd4 29. Kc2 Rg6 30. Bd2 b5 31. cxb5 Bxb5 32. Re7 h5 33. Rh7 1/2-1/2

[Event "Pan American 1st"]
[Site "Winnipeg CAN"]
[Date "1974.??.??"]
[Round "?"]
[White "Jimenez Zerquera, Eleazar"]
[Black "Castro, Oscar H"]
[Result "1/2-1/2"]
[WhiteElo "2430"]
[BlackElo "2330"]
[PlyCount "34"]
[EventDate "1974.08.??"]
[Source "www.chesslib.no"]
[SourceDate "2004.05.04"]

1. e4 e5 2. Nf3 Nc6 3. Bb5 a6 4. Bxc6 dxc6 5. d4 exd4 6. Qxd4 Qxd4 7. Nxd4 Bd7 8. Be3 O-O-O 9. Nc3 Nf6 10. f3 Bb4 11. O-O-O Bxc3 12. bxc3 c5 13. Nb3 b6 14. Rd2 Be6 15. Rhd1 Rxd2 16. Rxd2 Rd8 17. Rxd8+ Kxd8 1/2-1/2

[Event "Dortmund-B"]
[Site "Dortmund GER"]
[Date "1987.??.??"]
[Round "?"]
[White "Doery, Jeno"]
[Black "Stein, Bernd"]
[Result "1/2-1/2"]
[WhiteElo "2375"]
[BlackElo "2385"]
[PlyCount "59"]
[EventDate "1987.04.??"]
[Source "www.chesslib.no"]
[SourceDate "2004.05.04"]

1. e4 e5 2. Nf3 Nc6 3. Bb5 a6 4. Bxc6 dxc6 5. d4 exd4 6. Qxd4 Qxd4 7. Nxd4 Bd7 8. Be3 O-O-O 9. Nc3 Bb4 10. Nde2 f5 11. e5 Re8 12. f4 Nf6 13. O-O-O Rhg8 14. a3 Ng4 15. axb4 Nxe3 16. Rd3 Nd5 17. Nxd5 cxd5 18. Re1 Bb5 19. Rxd5 Bc6 20. Rd3 Bxg2 21. Rg3 Be4 22. Nc3 Bc6 23. h4 Rd8 24. Rd1 h6 25. Rdd3 Rd7 26. Kd2 g6 27. Rxd7 Kxd7 28. Ke3 Ke7 29. Rg1 Kf7 30. Rg3 1/2-1/2

[Event "Vrbas IT"]
[Site "Vrbas"]
[Date "1994.??.??"]
[Round "7"]
[White "Dragovic, Momcilo"]
[Black "Laketic, Gojko"]
[Result "1/2-1/2"]
[WhiteElo "2390"]
[BlackElo "2360"]
[PlyCount "21"]
[EventDate "1994.??.??"]
[Source "www.chesslib.no"]
[SourceDate "2004.05.04"]

1. e4 e5 2. Nf3 Nc6 3. Bb5 a6 4. Bxc6 dxc6 5. d4 exd4 6. Qxd4 Qxd4 7. Nxd4 Bd7 8. Nc3 O-O-O 9. Bf4 Bb4 10. O-O-O Bxc3 11. bxc3 1/2-1/2